| 000 | 00709nam a2200205 i 4500 | ||
|---|---|---|---|
| 001 | 86399 | ||
| 003 | ES-MaACL | ||
| 005 | 20230906175435.0 | ||
| 007 | t| | ||
| 008 | 041210s1957 ag ||||1| spa d | ||
| 100 | 1 |
_aKandinsky, Wassily ( _d1866-1944) _967484 |
|
| 245 | 1 | 0 |
_aDe lo espiritual en el arte y la pintura en particular / _cWassily Kandinsky ; [traducción del francés por Edgar Bayley]. |
| 260 |
_a[Buenos Aires] : _bGalatea Nueva Visión, _c[1957] ( _fLa Impresora SAGL) |
||
| 300 |
_a105 p. ; _c20 cm. |
||
| 490 | 1 | _aIdeas de nuestro tiempo | |
| 700 | 1 |
_aBayley, Edgar. _926675 |
|
| 830 | 0 |
_aIdeas de nuestro tiempo _9184000 |
|
| 852 |
_aES-MaACL _jC-16593 _bR.44654 |
||
| 999 |
_c86399 _d86399 |
||